[Event "NED-ch U16 op"]
[Site "Borne"]
[Date "2019.08.05"]
[Round "1"]
[White "Van Weerden, Jur"]
[Black "Borgelioen, Elise"]
[Result "1-0"]
[WhiteElo "1676"]
[BlackElo "1342"]
[PlyCount "65"]
[EventDate "2019.08.05"]
[EventType "swiss"]
[EventRounds "9"]
[EventCountry "NED"]
[SourceTitle "EXT 2020"]
[Source "ChessBase"]
[SourceDate "2019.10.17"]
[SourceVersion "1"]
[SourceVersionDate "2019.10.17"]
[SourceQuality "1"]

1. e4 e5 2. Nf3 Nc6 3. d4 exd4 4. Nxd4 d6 5. g3 Nf6 6. Bg2 Bd7 7. 0-0 Be7 8. Nc3 0-0 9. Bf4 Re8 10. Re1 Bf8 11. Bg5 Be7 12. Nf3 h6 13. Bf4 Qc8 14. Nd5 Nxd5 15. exd5 Nd8 16. Qd2 f6 17. Re2 Nf7 18. Rae1 Bf8 19. Rxe8 Bxe8 20. Nd4 Bd7 21. Ne6 a6 22. Qd3 Nh8 23. Re4 Ng6 24. Rc4 Ne5 25. Bxe5 Bxe6 26. dxe6 dxe5 27. Qf5 Bd6 28. Be4 Kf8 29. Bd5 Ke7 30. Rg4 Qh8 31. Qg6 Kd8 32. Qf7 Qe8 33. Rxg7 1-0